El pensamiento democrático argentino : recopilación de trozos selectos /
Guardado en:
| Autor Principal: | |
|---|---|
| Formato: | Libro |
| Publicado: |
Buenos Aires :
Kapelusz,
1957
|
| Materias: | |
| Etiquetas: |
Agregar Etiqueta
Sin Etiquetas, Sea el primero en etiquetar este registro!
|
| LEADER | 00623nam a22002055a 4500 | ||
|---|---|---|---|
| 001 | CEM.cems001387 | ||
| 005 | 20101109100550.0 | ||
| 008 | 130507s1957##################000#0#####d | ||
| 003 | CEMS | ||
| 082 | 0 | 4 | |a A864 |
| 100 | 1 | |a Canéssa, Guillermo L | |
| 245 | 1 | 0 | |a El pensamiento democrático argentino : |b recopilación de trozos selectos / |c Guillermo L Canéssa |
| 260 | |a Buenos Aires : |b Kapelusz, |c 1957 | ||
| 300 | |a 300 p. | ||
| 653 | |a Literatura | ||
| 653 | |a Literatura argentina | ||
| 653 | |a Ensayo | ||
| 653 | |a Ensayo argentino | ||
| 653 | |a Historia rgentina | ||
| 859 | |a CEMS |b BIB. CEMS - 11 de abril |h A864 |i C162 |p 5621.76 |t Ej.1 | ||
